| 000 | 00710nam a22002057a 4500 | ||
|---|---|---|---|
| 005 | 20250303103327.0 | ||
| 010 | _aDEC24SC ENG-142969 ENG-143949 | ||
| 020 |
_a9789358705010 _c799.00 |
||
| 035 | _aEN-126501 | ||
| 035 | _aEN-127481 | ||
| 037 | _bDBAD | ||
| 082 |
_a000 _2Revised |
||
| 100 |
_aAggarwal, R.S. _979095 |
||
| 245 |
_aQuantitative Aptitude for Competitive Examinations/ _cBy R.S. Aggarwal |
||
| 250 | _aRevised | ||
| 260 |
_aNew Delhi _bS Chand and Company Limited _c2024 |
||
| 270 |
_a A-27, 2nd Floor, Mohan Co-operative Industrial Estate _bNew Delhi _e110044 _minfo@schandpublishing.com _k011-49731800 |
||
| 300 |
_a809p. _c26cm(pb) |
||
| 942 |
_2ddc _cEN _h000 _mAGG _eRevised |
||
| 999 |
_c207612 _d207612 |
||